Normal view
MARC view
- Oxford University Press.
Entry Corporate Name
001 - CONTROL NUMBER
- control field: 131073
003 - CONTROL NUMBER IDENTIFIER
- control field: NUST
005 - DATE AND TIME OF LATEST TRANSACTION
- control field: 20251009161642.0
008 - FIXED-LENGTH DATA ELEMENTS
- fixed length control field: 251009|| aca||aabn | a|a d
040 ## - CATALOGING SOURCE
- Original cataloging agency: NUST
- Transcribing agency: NUST
110 ## - HEADING--CORPORATE NAME
- Corporate name or jurisdiction name as entry element: Oxford University Press.
- Subordinate unit: Cartographic Department
670 ## - SOURCE DATA FOUND
- Source citation: Work cat.: (NUST)0: Oxford University Press. Cartographic Department., The new Oxford atlas for Pakistan /, c1998.
